[Event "ODJM C 2023"]
[Site "Willingen GER"]
[Date "2023.05.28"]
[Round "2"]
[White "Briese, Paul"]
[Black "Lang, Samuel"]
[Result "1-0"]
[Termination "normal"]
[Board "10"]
[WhiteElo "1321"]
[BlackElo "1159"]
[WhiteClock "00:37:42"]
[BlackClock "01:04:32"]
[PlyCount "61"]
[WhiteFideId "16273826"]
[BlackFideId "34660526"]
[EventCountry "GER"]
[EventRounds "9"]
[EventType "swiss"]
[EventDate "2023.05.27"]

1. e4 {[%clk 01:30:58]} {[%emt 00:00:02]} d5 {[%clk 01:30:54]} {[%emt
00:00:07]} 2. exd5 {[%clk 01:31:14]} {[%emt 00:00:14]} Qxd5 {[%clk 01:31:18]}
{[%emt 00:00:05]} 3. Nc3 {[%clk 01:31:20]} {[%emt 00:00:25]} Qa5 {[%clk
01:31:42]} {[%emt 00:00:06]} 4. d4 {[%clk 01:31:14]} {[%emt 00:00:35]} c6
{[%clk 01:32:08]} {[%emt 00:00:05]} 5. Nf3 {[%clk 01:30:38]} {[%emt 00:01:06]}
Nf6 {[%clk 01:32:29]} {[%emt 00:00:09]} 6. Bd2 {[%clk 01:30:01]} {[%emt
00:01:06]} Bf5 {[%clk 01:31:15]} {[%emt 00:01:44]} 7. Ne4 {[%clk 01:27:54]}
{[%emt 00:02:37]} Qc7 {[%clk 01:31:12]} {[%emt 00:00:35]} 8. Nxf6+ {[%clk
01:27:25]} {[%emt 00:00:58]} gxf6 {[%clk 01:30:39]} {[%emt 00:01:02]} 9. Bc4
{[%clk 01:22:51]} {[%emt 00:05:05]} Nd7 {[%clk 01:30:36]} {[%emt 00:00:33]} 10.
Nh4 {[%clk 01:20:39]} {[%emt 00:02:41]} Bg6 {[%clk 01:30:11]} {[%emt 00:00:56]}
11. Nxg6 {[%clk 01:20:05]} {[%emt 00:01:03]} hxg6 {[%clk 01:30:22]} {[%emt
00:00:20]} 12. g3 {[%clk 01:17:03]} {[%emt 00:03:32]} e6 {[%clk 01:24:59]}
{[%emt 00:05:54]} 13. Qe2 {[%clk 01:10:56]} {[%emt 00:06:35]} O-O-O {[%clk
01:19:39]} {[%emt 00:05:51]} 14. O-O-O {[%clk 01:09:21]} {[%emt 00:02:04]} Re8
{[%clk 01:13:50]} {[%emt 00:06:19]} 15. f3 {[%clk 01:05:15]} {[%emt 00:04:37]}
Bg7 {[%clk 01:13:06]} {[%emt 00:01:14]} 16. Kb1 {[%clk 00:54:50]} {[%emt
00:10:54]} Rhf8 {[%clk 01:12:16]} {[%emt 00:01:21]} 17. Qf2 {[%clk 00:52:16]}
{[%emt 00:03:04]} Nb6 {[%clk 01:06:11]} {[%emt 00:06:35]} 18. Ba5 {[%clk
00:49:13]} {[%emt 00:03:30]} Kb8 {[%clk 01:03:17]} {[%emt 00:03:27]} 19. Bb3
{[%clk 00:47:53]} {[%emt 00:01:49]} Rh8 {[%clk 01:02:55]} {[%emt 00:00:53]} 20.
c4 {[%clk 00:46:39]} {[%emt 00:01:43]} Qd7 {[%clk 01:02:41]} {[%emt 00:00:44]}
21. Bxb6 {[%clk 00:46:36]} {[%emt 00:00:33]} axb6 {[%clk 01:03:04]} {[%emt
00:00:07]} 22. d5 {[%clk 00:44:26]} {[%emt 00:02:40]} e5 {[%clk 01:02:06]}
{[%emt 00:01:29]} 23. Qxb6 {[%clk 00:43:22]} {[%emt 00:01:34]} cxd5 {[%clk
01:02:13]} {[%emt 00:00:22]} 24. Rxd5 {[%clk 00:38:02]} {[%emt 00:05:50]} Qf5+
{[%clk 01:02:38]} {[%emt 00:00:06]} 25. Bc2 {[%clk 00:36:19]} {[%emt 00:02:09]}
Qxf3 {[%clk 01:02:57]} {[%emt 00:00:15]} 26. Qd6+ {[%clk 00:36:31]} {[%emt
00:00:14]} Kc8 {[%clk 01:02:56]} {[%emt 00:00:35]} 27. Rc5+ {[%clk 00:36:55]}
{[%emt 00:00:06]} Qc6 {[%clk 01:03:22]} {[%emt 00:00:04]} 28. Rxc6+ {[%clk
00:37:19]} {[%emt 00:00:06]} bxc6 {[%clk 01:03:48]} {[%emt 00:00:04]} 29. Qxc6+
{[%clk 00:37:38]} {[%emt 00:00:11]} Kd8 {[%clk 01:04:10]} {[%emt 00:00:08]} 30.
Rd1+ {[%clk 00:37:50]} {[%emt 00:00:17]} Ke7 {[%clk 01:04:32]} {[%emt
00:00:09]} 31. Qd6# {[%clk 00:37:42]} {[%emt 00:00:06]} 1-0

[Event "ODJM C 2023"]
[Site "Willingen GER"]
[Date "2023.05.28"]
[Round "2"]
[White "Neininger, Pascal"]
[Black "Sun, Christopher"]
[Result "0-1"]
[Termination "normal"]
[Board "11"]
[WhiteElo "1156"]
[BlackElo "1313"]
[WhiteClock "01:21:44"]
[BlackClock "01:02:22"]
[PlyCount "98"]
[WhiteFideId "34640860"]
[BlackFideId "34630368"]
[EventCountry "GER"]
[EventRounds "9"]
[EventType "swiss"]
[EventDate "2023.05.27"]

1. e4 {[%clk 01:30:57]} {[%emt 00:00:03]} e5 {[%clk 01:30:57]} {[%emt
00:00:04]} 2. Nc3 {[%clk 01:31:22]} {[%emt 00:00:05]} Nc6 {[%clk 01:29:40]}
{[%emt 00:01:46]} 3. g3 {[%clk 01:31:45]} {[%emt 00:00:08]} Nf6 {[%clk
01:29:48]} {[%emt 00:00:21]} 4. Bg2 {[%clk 01:32:10]} {[%emt 00:00:06]} Bc5
{[%clk 01:29:40]} {[%emt 00:00:38]} 5. Nge2 {[%clk 01:32:33]} {[%emt 00:00:06]}
O-O {[%clk 01:29:21]} {[%emt 00:00:49]} 6. O-O {[%clk 01:32:28]} {[%emt
00:00:35]} d6 {[%clk 01:28:18]} {[%emt 00:01:34]} 7. Na4 {[%clk 01:32:48]}
{[%emt 00:00:10]} Bb6 {[%clk 01:28:11]} {[%emt 00:00:37]} 8. Nxb6 {[%clk
01:33:11]} {[%emt 00:00:07]} axb6 {[%clk 01:28:37]} {[%emt 00:00:04]} 9. d4
{[%clk 01:33:32]} {[%emt 00:00:09]} exd4 {[%clk 01:27:53]} {[%emt 00:01:13]}
10. Nxd4 {[%clk 01:33:55]} {[%emt 00:00:07]} Nxd4 {[%clk 01:26:43]} {[%emt
00:01:40]} 11. Qxd4 {[%clk 01:33:57]} {[%emt 00:00:28]} Bd7 {[%clk 01:26:01]}
{[%emt 00:01:13]} 12. Bg5 {[%clk 01:33:46]} {[%emt 00:00:40]} Ra4 {[%clk
01:24:51]} {[%emt 00:01:38]} 13. Qd3 {[%clk 01:32:17]} {[%emt 00:02:02]} h6
{[%clk 01:24:27]} {[%emt 00:00:52]} 14. Bf4 {[%clk 01:29:41]} {[%emt 00:03:07]}
Re8 {[%clk 01:23:25]} {[%emt 00:01:30]} 15. Rfe1 {[%clk 01:29:23]} {[%emt
00:00:51]} Bc6 {[%clk 01:13:25]} {[%emt 00:10:29]} 16. e5 {[%clk 01:28:19]}
{[%emt 00:01:34]} dxe5 {[%clk 01:13:34]} {[%emt 00:00:21]} 17. Qxd8 {[%clk
01:28:25]} {[%emt 00:00:24]} Rxd8 {[%clk 01:13:51]} {[%emt 00:00:13]} 18. Bxe5
{[%clk 01:28:26]} {[%emt 00:00:30]} Bxg2 {[%clk 01:13:39]} {[%emt 00:00:41]}
19. Kxg2 {[%clk 01:28:42]} {[%emt 00:00:14]} Rd2 {[%clk 01:11:12]} {[%emt
00:02:57]} 20. Rec1 {[%clk 01:26:00]} {[%emt 00:03:12]} Ne4 {[%clk 01:10:48]}
{[%emt 00:00:54]} 21. Kg1 {[%clk 01:25:18]} {[%emt 00:01:13]} Nxf2 {[%clk
01:07:20]} {[%emt 00:03:56]} 22. Bxc7 {[%clk 01:25:02]} {[%emt 00:00:47]} Nh3+
{[%clk 01:06:47]} {[%emt 00:01:03]} 23. Kh1 {[%clk 01:25:08]} {[%emt 00:00:23]}
Rc4 {[%clk 01:04:34]} {[%emt 00:02:45]} 24. Bxb6 {[%clk 01:24:26]} {[%emt
00:01:12]} Rcxc2 {[%clk 01:03:49]} {[%emt 00:01:15]} 25. Rxc2 {[%clk 01:24:45]}
{[%emt 00:00:11]} Rxc2 {[%clk 01:04:08]} {[%emt 00:00:09]} 26. b3 {[%clk
01:24:29]} {[%emt 00:00:47]} Ng5 {[%clk 01:04:00]} {[%emt 00:00:37]} 27. Be3
{[%clk 01:20:54]} {[%emt 00:04:06]} Nf3 {[%clk 01:04:14]} {[%emt 00:00:16]} 28.
Bg1 {[%clk 01:21:10]} {[%emt 00:00:14]} g5 {[%clk 01:04:09]} {[%emt 00:00:35]}
29. Rf1 {[%clk 01:21:04]} {[%emt 00:00:36]} g4 {[%clk 01:03:49]} {[%emt
00:00:51]} 30. Rf2 {[%clk 01:21:13]} {[%emt 00:00:21]} Rc1 {[%clk 01:04:03]}
{[%emt 00:00:15]} 31. Rg2 {[%clk 01:21:01]} {[%emt 00:00:42]} b5 {[%clk
01:03:17]} {[%emt 00:01:16]} 32. a4 {[%clk 01:20:32]} {[%emt 00:01:00]} bxa4
{[%clk 01:03:33]} {[%emt 00:00:14]} 33. bxa4 {[%clk 01:20:55]} {[%emt
00:00:07]} Ra1 {[%clk 01:03:55]} {[%emt 00:00:08]} 34. a5 {[%clk 01:19:15]}
{[%emt 00:02:11]} Rxa5 {[%clk 01:04:17]} {[%emt 00:00:06]} 35. h3 {[%clk
01:17:58]} {[%emt 00:01:48]} h5 {[%clk 01:02:42]} {[%emt 00:02:04]} 36. hxg4
{[%clk 01:17:54]} {[%emt 00:00:34]} hxg4 {[%clk 01:02:48]} {[%emt 00:00:24]}
37. Bh2 {[%clk 01:17:54]} {[%emt 00:00:30]} Ra1+ {[%clk 01:02:39]} {[%emt
00:00:39]} 38. Rg1 {[%clk 01:18:19]} {[%emt 00:00:06]} Nxg1 {[%clk 01:02:40]}
{[%emt 00:00:29]} 39. Bxg1 {[%clk 01:18:40]} {[%emt 00:00:08]} Ra2 {[%clk
01:01:02]} {[%emt 00:02:07]} 40. Bd4 {[%clk 01:18:50]} {[%emt 00:00:22]} Kh7
{[%clk 01:00:18]} {[%emt 00:01:12]} 41. Kg1 {[%clk 01:19:08]} {[%emt 00:00:13]}
Kg6 {[%clk 01:00:26]} {[%emt 00:00:22]} 42. Bf2 {[%clk 01:19:29]} {[%emt
00:00:09]} Kf5 {[%clk 01:00:38]} {[%emt 00:00:19]} 43. Kf1 {[%clk 01:19:22]}
{[%emt 00:00:37]} Ke4 {[%clk 01:00:55]} {[%emt 00:00:12]} 44. Kg2 {[%clk
01:19:48]} {[%emt 00:00:04]} f5 {[%clk 01:00:55]} {[%emt 00:00:31]} 45. Kg1
{[%clk 01:20:02]} {[%emt 00:00:16]} Kf3 {[%clk 01:01:15]} {[%emt 00:00:10]} 46.
Be1 {[%clk 01:20:29]} {[%emt 00:00:02]} Ra1 {[%clk 01:01:20]} {[%emt 00:00:24]}
47. Kf1 {[%clk 01:20:55]} {[%emt 00:00:05]} Rxe1+ {[%clk 01:01:41]} {[%emt
00:00:10]} 48. Kxe1 {[%clk 01:21:22]} {[%emt 00:00:03]} Kxg3 {[%clk 01:02:02]}
{[%emt 00:00:09]} 49. Kf1 {[%clk 01:21:44]} {[%emt 00:00:08]} Kh2 {[%clk
01:02:22]} {[%emt 00:00:09]} 0-1

[Event "ODJM C 2023"]
[Site "Willingen GER"]
[Date "2023.05.28"]
[Round "2"]
[White "Weinberger, Maxim"]
[Black "Wissing, Lars"]
[Result "1/2-1/2"]
[Termination "normal"]
[Board "12"]
[WhiteElo "1310"]
[BlackElo "1128"]
[WhiteClock "01:02:53"]
[BlackClock "01:04:16"]
[PlyCount "60"]
[WhiteFideId "16290330"]
[BlackFideId "34660593"]
[EventCountry "GER"]
[EventRounds "9"]
[EventType "swiss"]
[EventDate "2023.05.27"]

1. e4 {[%clk 01:30:59]} c6 {[%clk 01:30:55]} {[%emt 00:00:05]} 2. d4 {[%clk
01:31:22]} {[%emt 00:00:07]} d5 {[%clk 01:31:21]} {[%emt 00:00:04]} 3. Nd2
{[%clk 01:31:39]} {[%emt 00:00:13]} dxe4 {[%clk 01:31:28]} {[%emt 00:00:23]} 4.
Nxe4 {[%clk 01:32:00]} {[%emt 00:00:09]} Bf5 {[%clk 01:31:48]} {[%emt
00:00:09]} 5. Ng3 {[%clk 01:31:49]} {[%emt 00:00:42]} Bg6 {[%clk 01:32:11]}
{[%emt 00:00:07]} 6. Nf3 {[%clk 01:31:29]} {[%emt 00:00:50]} Nf6 {[%clk
01:32:33]} {[%emt 00:00:07]} 7. Bc4 {[%clk 01:30:40]} {[%emt 00:01:21]} e6
{[%clk 01:31:48]} {[%emt 00:01:13]} 8. Ne5 {[%clk 01:30:35]} {[%emt 00:00:36]}
Nbd7 {[%clk 01:31:25]} {[%emt 00:00:52]} 9. O-O {[%emt 00:03:30]} Bd6 {[%clk
01:31:00]} {[%emt 00:00:12]} 10. Re1 {[%clk 01:27:00]} {[%emt 00:01:49]} Qc7
{[%clk 01:31:11]} {[%emt 00:00:16]} 11. Bf4 {[%clk 01:24:51]} {[%emt 00:02:42]}
O-O-O {[%clk 01:29:42]} {[%emt 00:01:58]} 12. Bd3 {[%clk 01:24:30]} {[%emt
00:00:51]} Rhf8 {[%clk 01:21:54]} {[%emt 00:08:17]} 13. Qe2 {[%clk 01:13:40]}
{[%emt 00:11:22]} Nd5 {[%clk 01:15:42]} {[%emt 00:06:39]} 14. Bd2 {[%clk
01:10:27]} {[%emt 00:03:45]} Qb6 {[%clk 01:13:44]} {[%emt 00:02:20]} 15. Nc4
{[%clk 01:10:35]} {[%emt 00:00:31]} Qc7 {[%clk 01:12:40]} {[%emt 00:01:31]} 16.
Nxd6+ {[%clk 01:10:29]} {[%emt 00:00:40]} Qxd6 {[%clk 01:13:01]} {[%emt
00:00:08]} 17. c4 {[%clk 01:10:43]} {[%emt 00:00:16]} Nf4 {[%clk 01:12:56]}
{[%emt 00:00:34]} 18. Bxf4 {[%clk 01:10:45]} {[%emt 00:00:29]} Qxf4 {[%clk
01:13:16]} {[%emt 00:00:09]} 19. Ne4 {[%clk 01:06:29]} {[%emt 00:04:45]} Nf6
{[%clk 01:10:24]} {[%emt 00:03:23]} 20. g3 {[%clk 01:06:16]} {[%emt 00:00:45]}
Qh6 {[%clk 01:08:28]} {[%emt 00:02:22]} 21. Nxf6 {[%clk 01:06:31]} {[%emt
00:00:19]} Bxd3 {[%clk 01:06:47]} {[%emt 00:02:11]} 22. Qxd3 {[%clk 01:06:35]}
{[%emt 00:00:25]} Qxf6 {[%clk 01:06:45]} {[%emt 00:00:28]} 23. Rad1 {[%clk
01:05:16]} {[%emt 00:01:53]} Rd7 {[%clk 01:05:26]} {[%emt 00:01:43]} 24. Qa3
{[%clk 01:03:30]} {[%emt 00:02:20]} Rfd8 {[%clk 01:04:01]} {[%emt 00:01:57]}
25. Qxa7 {[%clk 01:03:32]} {[%emt 00:00:28]} Rxd4 {[%clk 01:03:56]} {[%emt
00:00:35]} 26. Qa8+ {[%clk 01:03:39]} {[%emt 00:00:23]} Kc7 {[%clk 01:03:56]}
{[%emt 00:00:25]} 27. Qa5+ {[%clk 01:04:02]} {[%emt 00:00:12]} Kc8 {[%clk
01:03:47]} {[%emt 00:00:39]} 28. Rxd4 {[%clk 01:03:05]} {[%emt 00:01:27]} Qxd4
{[%clk 01:03:59]} {[%emt 00:00:16]} 29. Qa8+ {[%clk 01:02:45]} {[%emt
00:00:53]} Kc7 {[%clk 01:04:02]} {[%emt 00:00:26]} 30. Qa5+ {[%clk 01:02:53]}
{[%emt 00:00:23]} Kc8 {[%clk 01:04:16]} {[%emt 00:00:10]} 1/2-1/2

[Event "ODJM C 2023"]
[Site "Willingen GER"]
[Date "2023.05.28"]
[Round "2"]
[White "Wilke, Ronja"]
[Black "Moissl, Felix"]
[Result "1-0"]
[Termination "normal"]
[Board "14"]
[WhiteElo "1145"]
[BlackElo "1390"]
[WhiteClock "01:09:59"]
[BlackClock "01:16:41"]
[PlyCount "49"]
[WhiteFideId "16288378"]
[BlackFideId "34623574"]
[EventCountry "GER"]
[EventRounds "9"]
[EventType "swiss"]
[EventDate "2023.05.27"]

1. e4 {[%emt 00:00:04]} d5 {[%clk 01:30:54]} {[%emt 00:00:04]} 2. exd5 {[%clk
01:31:03]} {[%emt 00:00:20]} Nf6 {[%clk 01:31:02]} {[%emt 00:00:26]} 3. d4
{[%clk 01:31:14]} {[%emt 00:00:20]} Nxd5 {[%clk 01:31:22]} {[%emt 00:00:10]} 4.
Nf3 {[%clk 01:31:06]} {[%emt 00:00:37]} Nc6 {[%clk 01:31:36]} {[%emt 00:00:16]}
5. Bb5 {[%clk 01:30:38]} {[%emt 00:00:57]} Bd7 {[%clk 01:31:45]} {[%emt
00:00:22]} 6. O-O {[%clk 01:29:45]} {[%emt 00:01:23]} e6 {[%clk 01:31:45]}
{[%emt 00:00:30]} 7. a3 {[%clk 01:28:04]} {[%emt 00:02:11]} Bd6 {[%clk
01:31:57]} {[%emt 00:00:18]} 8. c4 {[%clk 01:27:58]} {[%emt 00:00:36]} Nf6
{[%clk 01:31:42]} {[%emt 00:00:46]} 9. Re1 {[%clk 01:26:34]} {[%emt 00:01:53]}
O-O {[%clk 01:31:48]} {[%emt 00:00:24]} 10. Nc3 {[%clk 01:25:36]} {[%emt
00:01:28]} a6 {[%clk 01:30:06]} {[%emt 00:02:13]} 11. Ba4 {[%clk 01:24:55]}
{[%emt 00:01:10]} b6 {[%clk 01:30:16]} {[%emt 00:00:21]} 12. Bg5 {[%clk
01:23:23]} {[%emt 00:02:00]} Be7 {[%clk 01:28:53]} {[%emt 00:01:54]} 13. Qe2
{[%clk 01:22:57]} {[%emt 00:00:52]} Na7 {[%clk 01:28:22]} {[%emt 00:01:05]} 14.
d5 {[%clk 01:20:53]} {[%emt 00:02:33]} b5 {[%clk 01:22:31]} {[%emt 00:06:22]}
15. cxb5 {[%clk 01:20:24]} {[%emt 00:00:55]} axb5 {[%clk 01:20:08]} {[%emt
00:02:56]} 16. dxe6 {[%clk 01:17:53]} {[%emt 00:01:26]} Bxe6 {[%clk 01:18:35]}
{[%emt 00:03:38]} 17. Nxb5 {[%clk 01:17:20]} {[%emt 00:01:00]} Nxb5 {[%clk
01:18:12]} {[%emt 00:00:56]} 18. Bxb5 {[%clk 01:16:38]} {[%emt 00:01:09]} Qd5
{[%clk 01:17:11]} {[%emt 00:01:31]} 19. Bd3 {[%clk 01:13:40]} {[%emt 00:03:30]}
Rfe8 {[%clk 01:16:41]} {[%emt 00:01:01]} 20. Bxf6 {[%clk 01:13:02]} {[%emt
00:01:04]} Bxf6 {[%clk 01:16:44]} {[%emt 00:00:32]} 21. Be4 {[%clk 01:13:12]}
{[%emt 00:00:19]} Qb3 {[%clk 01:15:55]} {[%emt 00:01:19]} 22. Bxa8 {[%clk
01:12:13]} {[%emt 00:01:26]} Rxa8 {[%clk 01:16:17]} {[%emt 00:00:11]} 23. Qe4
{[%clk 01:12:14]} {[%emt 00:00:27]} Re8 {[%clk 01:16:31]} {[%emt 00:00:19]} 24.
Qc6 {[%clk 01:10:33]} {[%emt 00:02:08]} Re7 {[%clk 01:16:41]} {[%emt 00:00:22]}
25. Qa8+ {[%clk 01:09:59]} {[%emt 00:01:04]} 1-0

[Event "ODJM C 2023"]
[Site "Willingen GER"]
[Date "2023.05.28"]
[Round "2"]
[White "Löffelholz, Simon"]
[Black "Riebienkov, Mark"]
[Result "1/2-1/2"]
[Termination "normal"]
[Board "15"]
[WhiteElo "1264"]
[BlackElo "1116"]
[WhiteClock "01:06:21"]
[BlackClock "01:17:24"]
[PlyCount "42"]
[WhiteFideId "34623620"]
[BlackFideId "34648500"]
[EventCountry "GER"]
[EventRounds "9"]
[EventType "swiss"]
[EventDate "2023.05.27"]

1. d4 {[%clk 01:30:59]} {[%emt 00:00:01]} e5 {[%clk 01:30:53]} {[%emt
00:00:08]} 2. dxe5 {[%clk 01:29:43]} {[%emt 00:01:45]} d6 {[%clk 01:31:12]}
{[%emt 00:00:11]} 3. Nf3 {[%clk 01:29:24]} {[%emt 00:00:48]} Nc6 {[%clk
01:31:31]} {[%emt 00:00:11]} 4. Nc3 {[%clk 01:29:01]} {[%emt 00:00:53]} f6
{[%clk 01:31:36]} {[%emt 00:00:25]} 5. e4 {[%clk 01:27:40]} {[%emt 00:01:51]}
dxe5 {[%clk 01:30:21]} {[%emt 00:01:45]} 6. Qxd8+ {[%clk 01:25:31]} {[%emt
00:02:39]} Nxd8 {[%clk 01:30:38]} {[%emt 00:00:12]} 7. Be3 {[%clk 01:24:46]}
{[%emt 00:01:15]} Bb4 {[%clk 01:30:04]} {[%emt 00:01:04]} 8. Bc4 {[%clk
01:24:02]} {[%emt 00:01:14]} Bxc3+ {[%clk 01:30:13]} {[%emt 00:00:21]} 9. bxc3
{[%clk 01:24:24]} {[%emt 00:00:08]} Ne7 {[%clk 01:30:15]} {[%emt 00:00:28]} 10.
O-O {[%clk 01:23:50]} {[%emt 00:01:03]} Be6 {[%clk 01:30:27]} {[%emt 00:00:19]}
11. Bb3 {[%clk 01:22:52]} {[%emt 00:01:28]} Bxb3 {[%clk 01:30:38]} {[%emt
00:00:20]} 12. cxb3 {[%clk 01:23:13]} {[%emt 00:00:09]} O-O {[%clk 01:30:49]}
{[%emt 00:00:18]} 13. Rfd1 {[%clk 01:23:05]} {[%emt 00:00:38]} Ne6 {[%clk
01:31:03]} {[%emt 00:00:17]} 14. Rd2 {[%clk 01:19:24]} {[%emt 00:04:11]} b6
{[%clk 01:30:04]} {[%emt 00:01:30]} 15. Rad1 {[%clk 01:17:55]} {[%emt
00:01:58]} Kf7 {[%clk 01:28:35]} {[%emt 00:01:59]} 16. Rd7 {[%clk 01:17:14]}
{[%emt 00:01:11]} Rac8 {[%clk 01:28:31]} {[%emt 00:00:28]} 17. b4 {[%clk
01:14:57]} {[%emt 00:02:53]} h6 {[%clk 01:26:50]} {[%emt 00:02:12]} 18. c4
{[%clk 01:15:13]} {[%emt 00:00:13]} Rb8 {[%clk 01:24:34]} {[%emt 00:02:46]} 19.
c5 {[%clk 01:15:00]} {[%emt 00:00:43]} Rbc8 {[%clk 01:23:28]} {[%emt 00:01:36]}
20. a4 {[%clk 01:13:59]} {[%emt 00:01:31]} Ke8 {[%clk 01:20:14]} {[%emt
00:03:44]} 21. R7d3 {[%clk 01:06:21]} {[%emt 00:08:07]} Kf7 {[%clk 01:17:24]}
{[%emt 00:03:20]} 1/2-1/2